000 00814nam a2200241 a 4500
001 BRCA_7570
005 20190320205907.0
008 070613s19511954u--a###f##---#000-0#spa-#
041 _aspa
044 _au
050 4 _aN510
_b.G66 1951
100 1 _aGómez Sicre, José
_913377
245 1 0 _aGuía de las colecciones públicas de arte en los Estados Unidos
_cpor José Gómez Sicre.
260 _aWashington, D. C.
_bUnion Panamericana
_c1951-1954
300 _a2 v.
_bil., mapas, láminas
_c24 cm.
500 _aS54
505 0 _av.1 Costa Oriental: Florida a New York.-- v.2 Nueva Inglaterra.
650 1 4 _aArte
_vColeccionistas y colecciones
_zEstados Unidos
_918674
650 1 4 _aArte
_xGalerías y museos
_918675
650 1 4 _aGalerías y museos
_zEstados Unidos
_97437
902 _aGFM
942 _2lcc
_cB
999 _c7244
_d7244